Prožyte i perežyte

Titel: Prožyte i perežyte / Marta Dzjuba
Verfasser:
Veröffentlicht: Kyïv : Duch i Litera, 2025
Umfang: 474 Seiten, 16 ungezählte Seiten Tafeln : Illustrationen
Format: Buch
Sprache: Ukrainisch
Schlagworte:
ISBN: 9786178445225
Buchumschlag
X
alg: 54207293
001A    $03004:11-02-26 
001B    $03004:11-02-26 $t10:41:52.000 
001D    $03004:11-02-26 
001U    $0utf8 
001X    $00 
002@    $0Aau 
002C    $aText $btxt $2rdacontent 
002D    $aohne Hilfsmittel zu benutzen $bn $2rdamedia 
002E    $aBand $bnc $2rdacarrier 
003@    $0542072939 
004A    $A978-617-8445-22-5 
006C    $01530543921 $aOCoLC 
007A    $0BV050301641 $aBVB 
010@    $aukr 
010E    $erda 
011@    $a2025 $n2025 
013D    $RAutobiografische Literatur $RBiografie $RErlebnisbericht $RQuelle $RTagebuch $#Autobiographies $#Autobiography $#Autobiographie $#Autobiografías $#Biographie $#Memoiren $#Autobiographie $#Autobiographisches Erzählen $#Autobiografisches Erzählen $#Erinnerungen Formschlagwort $#Lebenserinnerungen $#Memoiren $#Selbstbiographie $#Selbstbiografie $#Autobiographik $#Autobiografik $74003939-0 $8Autobiografie [Tsz] $9085002275 
013D    $RQuelle $RBericht $RTagebuch $#Personal narratives $#Récits personnels $#Relatos personales $#Erfahrungsbericht $#Augenzeugenbericht Formschlagwort $#Eindrücke Formschlagwort $#Erlebnisgeschichte $#Reportage Formschlagwort $#Erfahrungsbericht $#Persönlicher Bericht $74133254-4 $8Erlebnisbericht [Ts1] $9085482919 
021A    $aProžyte i perežyte $T01 $ULatn $hMarta Dzjuba 
021A    $aПрожите і пережите $T01 $UCyrl $hМарта Дзюба 
028A    $BVerfasser $#Дзюба, Марта Володимирiвна $#Dzjuba, Marta $#Dzjuba, M. V. $#Дзюба, Марта $#Дзюба, М. В. $T01 $4aut $ULatn $71262609461 $8Dzjuba, Marta Volodymyrivna$Z1943- [Tp3] $9497112981 
028A    $BVerfasser $#Дзюба, Марта Володимирiвна $#Dzjuba, Marta $#Dzjuba, M. V. $#Дзюба, Марта $#Дзюба, М. В. $T01 $4aut $UCyrl $71262609461 $8Дзюба, Марта Володимирiвна$Z1943- [Tp3] $9497112981 
033A    $pKyïv $T01 $ULatn $nDuch i Litera 
033A    $pКиїв $T01 $UCyrl $nДух і Літера 
034D    $a474 Seiten, 16 ungezählte Seiten Tafeln 
034M    $aIllustrationen 
044K    $qBVB $#Дзюба, Марта Володимирiвна $#Dzjuba, Marta $#Dzjuba, M. V. $#Дзюба, Марта $#Дзюба, М. В. $71262609461 $8Dzjuba, Marta Volodymyrivna$Z1943- [Tp3] $9497112981 
044K    $qBVB $#Дзюба, Іван Михайлович $#Dsjuba, I. $#Dsjuba, I. M. $#Dsjuba, Iwan $#Dsjuba, Iwan Mychajlowytsch $#Dziouba, I. M. $#Dziouba, Ivan $#Dziouba, Ivan Mykhailovych $#Dziuba, I. $#Dziuba, I. M. $#Dziuba, Ivan $#Dziuba, Ivan Mykhailovych $#Dziuba, Iwan Mychajłowycz $#Dzjuba, I. $#Dzjuba, I. M. $#Dzjuba, Ivan $#Dzjuba, Ivan M. $#Dzjuba, Ivan Michajlovič $#Dzyuba, Ivan $#Дзюба, Іван Михайлович $#Дзюба, І. $#Дзюба, І. М. $#Дзюба, Іван $#Дзюба, Иван Михайлович $#Дзюба, И. $#Дзюба, И. М. $#Дзюба, Иван $#Дзюба, Іван Міхайлавіч $#Дзюба, І. $#Дзюба, І. М. $#Дзюба, Іван $710323344X $8Dzjuba, Ivan Mychajlovyč$Z1931-2022 [Tp1] $9138657521 
045F    $a809 $eDDC22BSB 
045F/01 $a809 
045F/03 $f0905 
045F/03 $f0904 
045F/03 $g477 
045G    $a306.094770905 $eDDC22BSB 
045G/01 $a306.09 
045G/03 $f0905 
045G/03 $f0904 
045G/03 $g477 
045T    $aOST $qDE-12 $2FID 
046L    $aText ukrainisch 

lok: 54207293 24

exp: 54207293 24 1 #EPN
201B/01 $011-02-26 $t14:56:43.000 
201C/01 $011-02-26 
201U/01 $0utf8 
203@/01 $01335158952 
208@/01 $a11-02-26 $bz 
209A/01 $a26.00369 $du $f050 $h26 00369 $x00 
209C/01 $a26.00369 K $h26 00369 K 
209G/01 $a74965490 $x00 
220C/01 $ajwa 
247C/01 $8358050-7 Marburg, Bibliothek des Herder-Instituts Marburg $9102600961
LEADER 00000cam a2200000 c 4500
001 542072939
003 DE-603
005 20260211104152.0
007 tu
008 260211s2025 xx |||| | u00||u|ukr c
020 |a 9786178445225 
035 |a (DE-599)BVBBV050301641 
040 |a DE-603  |b ger  |c DE-603  |d DE-603  |e rda 
041 |a ukr 
082 0 4 |8 1\u  |a 809  |q DE-101  |2 22/BSB 
083 0 |8 2\u  |a 306.094770905  |q DE-101  |2 22/BSB 
084 |a OST  |q DE-12  |2 fid 
085 |8 1\u  |b 809 
085 |8 1\u  |z 1  |s 0905 
085 |8 1\u  |z 1  |s 0904 
085 |8 1\u  |z 2  |s 477 
085 |8 2\u  |b 306.09 
085 |8 2\u  |z 1  |s 0905 
085 |8 2\u  |z 1  |s 0904 
085 |8 2\u  |z 2  |s 477 
100 1 |6 880-02/Latn  |a Dzjuba, Marta Volodymyrivna  |d 1943-  |e Verfasser  |4 aut  |0 (DE-603)497112981  |0 (DE-588)1262609461  |2 gnd 
245 0 0 |6 880-01/Latn  |a Prožyte i perežyte  |c Marta Dzjuba 
264 1 |6 880-03/Latn  |a Kyïv  |b Duch i Litera  |c 2025 
300 |a 474 Seiten, 16 ungezählte Seiten Tafeln  |b Illustrationen 
336 |a Text  |b txt  |2 rdacontent 
337 |a ohne Hilfsmittel zu benutzen  |b n  |2 rdamedia 
338 |a Band  |b nc  |2 rdacarrier 
546 |a Text ukrainisch 
600 1 7 |a Dzjuba, Marta Volodymyrivna  |d 1943-  |0 (DE-588)1262609461  |0 (DE-603)497112981  |2 gnd 
600 1 7 |a Dzjuba, Ivan Mychajlovyč  |d 1931-2022  |0 (DE-588)10323344X  |0 (DE-603)138657521  |2 gnd 
655 7 |a Autobiografie  |2 gnd-content  |0 (DE-588)4003939-0  |0 (DE-603)085002275 
655 7 |a Erlebnisbericht  |2 gnd-content  |0 (DE-588)4133254-4  |0 (DE-603)085482919 
880 1 |6 264-03/Cyrl  |a Київ  |b Дух і Літера  |c 2025 
880 0 0 |6 245-01/Cyrl  |a Прожите і пережите  |c Марта Дзюба 
880 1 |6 100-02/Cyrl  |a Дзюба, Марта Володимирiвна  |d 1943-  |e Verfasser  |4 aut  |0 (DE-603)497112981  |0 (DE-588)1262609461  |2 gnd 
924 0 |9 Mb 50  |a (DE-603)1335158952  |b DE-Mb50  |c HES  |d c  |g 26.00369